Statistiques concernant Culture Générale - Série 1995

Cliquez ici pour prendre le quiz!

Statistiques générales

  • Ce quiz a été pris 98 fois
  • Le résultat moyen est 3 sur 10

Statistiques - réponses

QuestionRéponse% Correct
Quel mot anglais désigne les feux de détresse, pour une voiture par exemple (au pluriel) ?warnings
87%
Quelle est la capitale de la Macédoine ?Skopje
67%
Dans quel pays du continent américain se trouve la ville d'Alma ?Canada
38%
Dans quel département français se trouve la ville de Meung ?Loiret
26%
A quel pays appartient l'île Florès dont la plus grande ville est Maumere ?Indonèsie
15%
Quel jeu de cartes des XVIIIᵉ et XIXᵉ siècles est considéré comme l'ancêtre du bridge ?whist
14%
Quel petit fleuve côtier de 101 km, traverse les départements d'Ille-et-Vilaine, Manche et Mayenne ?couesnon
8%
Sanglier mâle ayant entre deux et trois ans et ne vivant plus en compagnieragot
3%
C'est un instrument de navigation maritime et une étendue d'eau - 4 lettres - voir photoloch
0%
Pour désigner une personne agitée, mais pas dangereuse pour son entourage, ou une personne passionnée, on peut dire : "elle est piquée de la ....tarentule
0%

Distribution des résultats

Percentile par nombre de réponses

% des personnes avec chaque résultat

Votre développement - résultats

Vous n’avez pas pris ce quiz